| 000 | 00938nam a2200253 a 4500 | ||
|---|---|---|---|
| 008 | 120416s1995 ||||||||||||||||| || u | ||
| 020 | _a0750622474 | ||
| 050 | _aHG 179.5 Enn | ||
| 100 | _aEnnew, Chritine | ||
| 245 | 1 | 0 | _aMarketing financial services |
| 246 | _aChristine Ennew | ||
| 250 | _a2nd ed. | ||
| 260 |
_aOxford _bButterworth-Heinemann _c1995 |
||
| 300 | _axi, 404 p. : ill. | ||
| 350 | _a0.00 | ||
| 650 | _aADVERTISING--GREAT BRITAIN | ||
| 650 | _aBANKING MARKETING--GREAT BRITAIN | ||
| 650 | 0 | _aFINANCE--DEVELOPING COUNTRIES | |
| 650 | _aFINANCIAL SERVICES INDUSTRY--GREAT BRITAIN | ||
| 700 | _aWatkins, Trevor | ||
| 856 | _uhttp://www.loc.gov/catdir/toc/els032/96102979.html | ||
| 856 | _uhttp://www.loc.gov/catdir/description/els032/96102979.html | ||
| 995 |
_D0.00 _FCBU-MAIN LIBRARY (Kitwe) _H1 _I0.00 _M1 _UAVAILABLE _ZMain Library Open Access Collection |
||
| 999 |
_c50432 _d50432 |
||